Quiz pour petits... et grands - Décodeur - Statistiques

Statistiques générales
  • Ce quiz a été pris 18 617 fois
  • Le résultat moyen est 20 sur 44
Statistiques - réponses
Groupes Indices Réponse % Correct
Indices H Type d'attraction de montagnes russes ayant la forme d'un chiffre. {grand} {huit}
98%
Indices C Héroïne ayant sa mère-grand dévorée par le loup. le {Petit} {Chaperon} {Rouge}
84%
Indices S Conte d'Andersen adapté par Disney qui optera pour le prénom Ariel afin d'en désigner l'héroïne. La {Petite} {Sirène}
80%
Indices B Île européenne composée de l'Angleterre, du pays de Galles et de l'Écosse. la {Grande-Bretagne}
72%
Indices D Premier repas de la journée en France. le {petit} {déjeuner}
70%
Indices S Animal remplaçant durant la nuit les dents de lait par des cadeaux. la {petite} {souris}
67%
Indices E Région administrative française composée des anciennes régions que sont l'Alsace, la Champagne-Ardenne et la Lorraine. le {Grand} {Est}
64%
Indices V Film de Gérard Oury mettant en scène Louis de Funès et Bourvil durant la seconde Guerre Mondiale. la {Grande} {Vadrouille}
63%
Indices P Roman d'Antoine de Saint-Exupéry mettant en scène un héros possédant une planète avec des volcans, des baobabs et une fleur. Le {Petit} {Prince}
63%
Indices O Troisième constellation du ciel par son étendue, elle est parfois surnommée "casserole". la {Grande} {Ourse}
63%
Indices R Une des salles de spectacle et de cinéma les plus célèbres de Paris. le {Grand} {Rex}
63%
Indices E Biscuit en forme de Petit Beurre recouvert d'une petite tablette de chocolat commercialisé par la marque LU. {Petit} {écolier}
61%
Indices E Dans la comptine, il porte sur son dos sa maisonnette. {petit} {escargot}
61%
Indices T Film de l'humoriste français Artus réalisant plus de 10 millions d'entrées au box-office en 2024. Un {p'tit} {truc} {en} {plus}
60%
Indices O Ourson entouré de ses parents héros d'une série de petites histoires illustrées. {Petit} {Ours} {Brun}
60%
Indices R Variante de manège de très grande taille équipée de nacelles à laquelle le London Eye appartient. {grande} {roue}
58%
Indices R L'un des dictionnaires de langue française les plus connus. Le {Petit} {Robert}
58%
Indices S Chef d'un peuple de petites créatures bleues de bande dessinée. le {Grand} {Schtroumpf}
57%
Indices B Drame de Luc Besson parlant de plongée dans lequel joue Jean Reno. Le {Grand} {Bleu}
56%
Indices P Conte de Perrault dans lequel le jeune héros échappe à un ogre à l'aide des bottes de sept lieues. le {Petit} {Poucet}
55%
Indices E La manière dont sont nommés les enfants de sa propre progéniture. les {petits-enfants}
51%
Indices T Petit cheval étant le plus grand ami du héros de bande dessinée Yakari. {Petit} {Tonnerre}
51%
Indices T Ce que fait Le Poinçonneur des Lilas de Serge Gainsbourg. des {p'tits} {trous}
48%
Indices E Position de danse et de gymnastique dans laquelle les jambes sont alignées et tendues l'une en face de l'autre selon un axe parallèle ou perpendiculaire au tronc. {grand} {écart}
47%
Indices T Série de jeux vidéo se déroulant dans des villes fictives états-uniennes en monde ouvert. {Grand} {Theft} {Auto}
45%
Indices A Nom donné à l'ensemble des troupes de l'empereur Napoléon Ier. la {Grande} {Armée}
45%
Indices A Formes de publicités composées de quelques mots que l'on retrouve surtout dans les journaux et les périodiques. les {petites} {annonces}
37%
Indices G Série de livres pour la jeunesse racontant les aventures de trois jeunes filles passionnées d'équitation. {Grand} {Galop}
36%
Indices E Établissements très sélectifs de l'enseignement supérieur français hors du système universitaire, public ou privé, qui recrutent leurs élèves sur concours. {grandes} {écoles}
35%
Indices L Livre de propagande communiste ayant pour auteur Mao Zedong. le {Petit} {Livre} {rouge}
35%
Indices I Quartier de l'arrondissement de Manhattan à New York, connu autrefois pour sa forte population d'immigrants venant d'un pays sud-européen. {Petite} {Italie}
32%
Indices S Fromage blanc français (et non helvète!) onctueux à base de lait de vache enrichi de crème. {petit-suisse}
30%
Indices N Œuvre de littérature d'enfance de Goscinny et Sempé contant les aventures d'un jeune garçon. le {Petit} {Nicolas}
29%
Indices L Marque de fromage à pâte fraîche au lait de vache pasteurisé ciblant les enfants. {P'tit} {Louis}
23%
Indices I Évènement se déroulant du 2 au 5 septembre 1666 à Londres. le {grand} {incendie} de Londres
22%
Citation Haribo, c’est beau la vie, pour les grands et les petits !
18%
Indices I Ce qu'est Nagawicka dans la chanson enfantine du même nom de Jacky Galou. un {petit} {indien}
17%
Indices E Film états-unien de 1963 dans lequel joue Steve Mcqueen célèbre pour ses scènes de poursuite à moto. La {Grande} {Évasion}
16%
Indices A Chanson de Hugues Aufray narrant une histoire provençale s'intéressant au sort des animaux de bât et de trait. Le {Petit} {Âne} {gris}
16%
Indices S Autrice-compositrice-interprète française à l'origine des titres Ne M'oublie Pas et Du Courage. La {Grande} {Sophie}
16%
Indices A Archipel situé dans l'Est et le Sud-Est de la mer des Caraïbes. {Petites} {Antilles}
15%
Indices L Étendue d'eau située au Nord de l'État américain de l'Utah. {Grand} {Lac} {Salé}
11%
Indices U Rapace charognard d'Amérique du Sud à l'envergure de quasiment 2m. {Grand} {Urubu}
4%
Indices U Cours d'eau artificiel reliant Londres à Birmingham. {Grand} {Union} {Canal}
3%
Aucun quiz correspondant
Distribution des résultats
% des personnes avec chaque résultat
Percentile par nombre de réponses
Votre historique - résultats
Vous n’avez pas pris ce quiz